Identifying anti-Toxocara IgG antibodies in horses of Mexico (Registro n. 300888)
[ somente texto ]
| 000 -LÍDER | |
|---|---|
| fixed length control field | 03356nab a2200325 i 4500 |
| 003 - CÓDIGO MARC DA AGÊNCIA CATALOGADORA | |
| Campo de controle | BR-BrBNA |
| 005 - DATA E HORA DA ÚLTIMA ATUALIZAÇÃO | |
| Campo de controle | 20240814110902.0 |
| 008 - CAMPO DE TAMANHO FIXO | |
| fixed length control field | 240814b2018 bl.|r|pooa||| 00| 0 eng | |
| 040 ## - FONTE DA CATALOGAÇÃO | |
| Agência catalogadora | BR-BrBNA |
| Idioma da catalogação | eng |
| 072 ## - CATEGORIA AGRIS | |
| Código AGRIS | L73 |
| Código do objeto | 5120 |
| 072 ## - CATEGORIA AGRIS | |
| Código AGRIS | L70 |
| 100 ## - ENTRADA PRINCIPAL - NOME PESSOAL | |
| Nome pessoal | Heredia, R. |
| 100 ## - ENTRADA PRINCIPAL - NOME PESSOAL | |
| Nome pessoal | Romero, C. |
| 100 ## - ENTRADA PRINCIPAL - NOME PESSOAL | |
| Nome pessoal | Mendoza, G.D. |
| 100 ## - ENTRADA PRINCIPAL - NOME PESSOAL | |
| Nome pessoal | Ponce, M. |
| 100 ## - ENTRADA PRINCIPAL - NOME PESSOAL | |
| Nome pessoal | Carpio, J.C. |
| 245 ## - TÍTULO PRINCIPAL | |
| Título principal | Identifying anti-Toxocara IgG antibodies in horses of Mexico |
| 500 ## - NOTA GERAL | |
| Nota geral | Publicação online; 25 ref.; 3 tables; Summaries (En, Pt) |
| 942 ## - ADDED ENTRY ELEMENTS (KOHA) | |
| Koha item type | |
| 520 ## - NOTA DE RESUMO | |
| Nota de conteúdo | <br/><br/>ABSTRACT - Both the presence of owned dogs and stray dogs allows the spread of Toxocara, a parasite whose eggs can be found in soil, water and food. Animals, including horses, serve as definitive and paratenic hosts. In México, where consumption of horse meat is common, Toxocara is a zoonotic parasite. The aim of this study was to identify the presence of anti-Toxocara antibodies in work horses and horses intended for human consumption by ELISA. ELISA was chosen for analysis as paratenic hosts do not shed Toxocara eggs in their feces. Blood samples were collected from a total of 188 horses, 94 of which were work horses and 94 horses from the slaughter house. Samples were analyzed by ELISA, and the general equine seroprevalence was found to be 44.6% (n = 188). Adult horses for slaughter had a 61.7% greater presence of anti-Toxocara antibodies (p = 0.006). Toxocara IgG antibodies were found in horses, confirming that horses are paratenic hosts and possible sources of infection for other animals and people.<br/><br/><br/>Keywords: horses, Toxocara, public health, zoonoses |
| 520 ## - NOTA DE RESUMO | |
| Nota de conteúdo | <br/><br/>RESUMO - Tanto a presença de cães com dono quanto de cães vadios permitem a disseminação de Toxocara, e o parasita está presente no solo, na água e nos alimentos. Animais, incluindo cavalos, apresentam-se como hospedeiros definitivos e paratênicos. No México, o consumo de carne de cavalo é comum, e Toxocara é um parasita zoonótico. ELISA foi escolhido para análise, já que hospedeiros paratênicos não jogam ovos de Toxocara em suas fezes. O objetivo deste estudo foi identificar a presença de anticorpos anti-Toxocara por ELISA, em cavalos de trabalho e em cavalos para o consumo humano. As amostras de sangue foram retiradas de 188 cavalos: 94 cavalos de trabalho e 94 cavalos de trabalho do matadouro. Soros dos animais foram analisados por ELISA e 44,6% dos equinos apresentaram anticorpos anti-Toxocara. Cavalos adultos para abate têm 61,7% mais elevada a presença de anticorpos anti-Toxocara (P = 0,006). Anticorpos IgG Toxocara foram encontrados em cavalos, confirmando cavalos paratênicos como hospedeiros e possíveis fontes de infecção para outros animais e pessoas.<br/><br/><br/>Palavras-chave: Toxocara, cavalos, saúde pública, zoonoses |
| 650 ## - ASSUNTO - THESAGRO | |
| Cabeçalho tópico ou nome geográfico | CAVALO |
| 650 ## - ASSUNTO - THESAGRO | |
| Cabeçalho tópico ou nome geográfico | TOXOCARA |
| 650 ## - ASSUNTO - THESAGRO | |
| Cabeçalho tópico ou nome geográfico | ZOONOSE |
| 650 ## - ASSUNTO - THESAGRO | |
| Cabeçalho tópico ou nome geográfico | ANTICORPO |
| 650 ## - ASSUNTO - THESAGRO | |
| Cabeçalho tópico ou nome geográfico | SAÚDE PÚBLICA |
| 773 0# - ENTRADA ANALÍTICA | |
| Host Biblionumber | 1643 |
| Registro do item | 317174 |
| Imprenta | Belo Horizonte-MG Universidade Federal de Minas Gerais - Escola de Veterinaria 1983 |
| Outro identificador | 2024-3790 |
| Título | Arquivo Brasileiro de Medicina Veterinária e Zootecnia (Brazil) |
| ISSN | 0102-0935 |
| Colação | v. 70(1) p. 1-5; (2018) |
| Número de controle de registro | BR2024002265 |
| 856 ## - ACESSO E ENDEREÇO ELETRÔNICO | |
| Identificador uniforme de recurso - URI | https://www.scielo.br/j/abmvz/a/pW6GDd4JtgrGVbvqmVrSBVR/?format=pdf&lang=en |
Nenhum exemplar disponível.

BINAGRI